Back to the future quotes ( who said them?) - Statistics

General Stats
  • This quiz has been taken 291 times
    281 since last reset
  • The average score is 7 of 15
Answer Stats
Hint Answers % Correct
Just three words. Gray's sports almanac.(Bttf part 2) Marty mcfly
89%
You're George Mcfly! ( Bttf part 1) Marty Mcfly
89%
I know CPR. ( Bttf part 2) Marty Mcfly
89%
Hello, Hello? Anyone in there? ( Bttf part 1) Biff tannen
79%
Why don't you make like a tree and get outta here? ( Bttf part 1 and 2) Biff tannen
79%
Kid, I own the police .( Bttf part 2) Biff tannen
79%
1. 21 gigawatts? Great Scott! ( Bttf part 1) Doctor Emmett brown
30%
Viva con dios! ( Bttf part 3) Doctor emmett brown
30%
Meet jules and verne. ( Bttf part 3) Doctor emmett brown
30%
Those boards don't work on water! ( Bttf part 2) Griff tannen
29%
How about a ride, mister? (Bttf part 1 and 2) Jennifer parker
27%
That's Calvin Klein. My god, he's a dream. (Bttf part 1) Lorraine baines- Mcfly
22%
We got a new courthouse! It's high time we had a hanging! ( Bttf part 3) Buford "mad dog" tannen
20%
Mayor! Now that is a great idea! ( Bttf part 1) Mayor goldie wilson
17%
Beat it , spook! This don't concern you! ( Bttf part 1) 3D
13%
No matching quizzes found
Score Distribution
Percent of People with Each Score
Percentile by Number Answered
Your Score History
You have not taken this quiz since the last reset